000 00386nam a22001457a 4500
020 _a9781853261251
082 _a833.8
_bSPY
100 _aSpyri, Johanna,
245 _aHeidi
_cJohanna Spyri,
260 _aLondon,
_bWordsworth Classics;
_c1993.
300 _a240p
563 _aP.B
650 _aGrandfathers
_aMountain life
_aGrandparent and child
_9114480
942 _2ddc
_cBK
999 _c595827
_d595827